[Event "Haarlem BDO-A"]
[Site "Haarlem"]
[Date "2005.09.01"]
[Round "6"]
[White "Abeln, Michiel"]
[Black "Balint, Andras"]
[Result "1/2-1/2"]
[WhiteElo "2355"]
[BlackElo "2293"]
[PlyCount "89"]
[EventDate "2005.08.27"]
[EventType "tourn"]
[EventRounds "9"]
[EventCountry "NED"]
[EventCategory "4"]
[SourceTitle "CBM 108 Extra"]
[Source "ChessBase"]
[SourceDate "2005.11.04"]
[SourceVersion "1"]
[SourceVersionDate "2005.11.04"]
[SourceQuality "1"]

1. c4 e5 2. g3 g6 3. Bg2 Bg7 4. Nc3 Nc6 5. d3 d6 6. Nf3 Nf6 7. 0-0 0-0 8. Rb1 a5 9. a3 h6 10. b4 axb4 11. axb4 Be6 12. b5 Ne7 13. Nd2 Rb8 14. Bb2 Qd7 15. Re1 Bh3 16. Bh1 Ng4 17. Ra1 f5 18. Qb3 Kh7 19. Ra7 e4 20. Nd1 Ne5 21. dxe4 f4 22. Nf3 Nc8 23. Ra3 Be6 24. Nxe5 dxe5 25. Qb4 Nd6 26. Rd3 b6 27. Ba3 Qf7 28. Qc3 Bxc4 29. Bxd6 cxd6 30. Rxd6 Bxb5 31. Bf3 Rfc8 32. Qd2 fxg3 33. hxg3 h5 34. Qb2 Qe7 35. Rd2 Bc4 36. Ne3 b5 37. Red1 Rd8 38. Nxc4 bxc4 39. Qc3 Rxd2 40. Rxd2 Rc8 41. e3 Qb7 42. Rc2 Rc5 43. Be2 Qxe4 44. Bxc4 Rc8 45. Bd3 1/2-1/2